00485cam a22002051 4500001001300000003000400013005001700017008004100034010001700075035002000092040001800112042001200130050002200142100002200164245003200186260001100218300001900229500001400248999001700262sa 67005291 DLC20260227112355.0890616s1966 ii 000 0 hino  asa 67005291  a(OCoLC)19884019 aDLCcWaUdDLC apremarc00aPK2098.42.Y28bV41 aVyas, Ramnarayan.10aVe use nahīṃ roka sake. c[1966] a169 p.b19 cm. aIn Hindi. c75094d75094